000
00329nam a22001457a 4500
008
210426b ||||| |||| 00| 0 eng d
020
_a
9783572100477
041
_a
eng
080
_a
94
082
_a
94
100
_a
16
101
_a
SHH
245
_a
Kulturgeschichte des Essens un Trinkens
_c
Paczensky,G
942
_2
udc
_c
BK
999
_c
56756
_d
56756